| 000 | 00422 a2200133 4500 | ||
|---|---|---|---|
| 001 | ART_35659 | ||
| 005 | 20260410161829.0 | ||
| 008 | 260409a | ||
| 245 | 1 | 0 | _aIntegración de la supervisión financiera en el Banco Central |
| 100 | 1 | _aDemaestri, Edgardo | |
| 700 | 1 | _aOttavianelli, Jorge | |
| 700 | 1 | _aFerro, Gustavo | |
| 773 | 0 |
_tEstudios Económicos _g- Vol. 32, Nº 64 (ene./jun. 2015) _wREV5080 |
|
| 999 |
_c23040 _d23040 |
||